Kinderbestattungen und die soziale Stellung des Kindes im Alten Ägypten : Unter besonderer Berücksichtigung des Ostfriedhofes von Deir el-Medine /

محفوظ في:

المؤلف الرئيسي: Zillhardt, Ruth.

التنسيق: كتاب

اللغة: German

سلاسل: Göttinger Miszellen. Beihefte ; Nr. 6.
GMB ; Nr. 6.

الموضوعات:

الوسوم: إضافة وسم

لا توجد وسوم, كن أول من يضع وسما على هذه التسجيلة!

رقم الطلب: PJ1004 .G51 v.6

LEADER 01002nam a22002657a 4500
003 OSt
005 20251013065941.0
008 251013t2009 gw abe 000 0 ger d
040 |c ARCE Library 
050 1 4 |a PJ1004  |b .G51 v.6 
100 1 |a Zillhardt, Ruth. 
245 1 0 |a Kinderbestattungen und die soziale Stellung des Kindes im Alten Ägypten :   |b Unter besonderer Berücksichtigung des Ostfriedhofes von Deir el-Medine /   |c Ruth Zillhardt.  
264 |a Göttingen :   |b Seminar für Ägyptologie und Koptologie der Univ.,   |c 2009. 
300 |a 107 p. :   |b ill., maps, plans ;   |c 22 cm. 
336 |2 rdacontent  |a text  |b txt 
337 |2 rdamedia  |a unmediated  |b n 
338 |2 rdacarrier  |a volume  |b n 
490 0 |a Göttinger Miszellen. Beihefte ;   |v Nr. 6. 
490 0 |a GMB ;   |v Nr. 6. 
650 0 |a Children -- Death -- Egypt. 
650 0 |a Funeral rites and ceremonies -- Children -- Egypt. 
651 0 |a Deir el-Medina Site (Egypt) -- History. 
901 |a reviewed 
942 |2 lcc  |c BK 
999 |c 49471  |d 49471